书目信息 |
| 题名: |
古王国的望族后裔
|
|
| 作者: | 杨福泉 著 | |
| 分册: | ||
| 出版信息: | 昆明 云南大学出版社 2001.09 |
|
| 页数: | 104页 | |
| 开本: | 19cm | |
| 丛书名: | 20世纪中国民族家庭实录 | |
| 单 册: | ||
| 中图分类: | K285.7 | |
| 科图分类: | ||
| 主题词: | 纳西族--na xi zu--家庭生活--丽江纳西族自治县--20世纪 , 纳西族--na xi zu | |
| 电子资源: | ||
| ISBN: | 7-81068-191-5 | |
| 000 | 01087oam2 2200277 450 | |
| 001 | 012008489841 | |
| 005 | 20080425145259.92 | |
| 010 | @a7-81068-191-5@dCNY12.00 | |
| 100 | @a20080425d2001 km y0chiy0120 ea | |
| 101 | 0 | @achi |
| 102 | @aCN@b530000 | |
| 105 | @aa z 000yy | |
| 106 | @ar | |
| 200 | 1 | @a古王国的望族后裔@Agu wang guo de wang zu hou yi@e纳西族@f杨福泉著@Fyang fu quan zhu |
| 210 | @a昆明@c云南大学出版社@d2001.09 | |
| 215 | @a104页@c照片@d19cm | |
| 225 | 2 | @a20世纪中国民族家庭实录@A20 shi ji zhong guo min zu jia ting shi lu |
| 308 | @a丛书第一集 | |
| 330 | @a本书不是家庭史、不是家庭回忆录,是以记者的敏锐捕捉沉落的素材和细节、以学者的功底去观察分析、以作家的手笔去书写,将深奥的、理性的学术观点,隐藏在随意的寻常道白之中,让读者在欣赏故事中了解纳西族的知识、生活及发展变迁。 | |
| 410 | 0 | @12001 @a20世纪中国民族家庭实录 |
| 606 | 0 | @a纳西族@Ana xi zu@x家庭生活@y丽江纳西族自治县@z20世纪 |
| 606 | 0 | @a纳西族@Ana xi zu |
| 690 | @aK285.7@v4 | |
| 701 | 0 | @a杨福泉@Ayang fu quan@4著 |
| 801 | 0 | @aCN@bQSSK@c20080425 |
| 905 | @b20705215-17@dK285.7@eY175@f3 | |
| 古王国的望族后裔:纳西族/杨福泉著.-昆明:云南大学出版社,2001.09 |
| 104页:照片;19cm.-(20世纪中国民族家庭实录) |
| ISBN 7-81068-191-5:CNY12.00 |
| 本书不是家庭史、不是家庭回忆录,是以记者的敏锐捕捉沉落的素材和细节、以学者的功底去观察分析、以作家的手笔去书写,将深奥的、理性的学术观点,隐藏在随意的寻常道白之中,让读者在欣赏故事中了解纳西族的知识、生活及发展变迁。 |
| ● |
| 相关链接 |
|
|
|
正题名:古王国的望族后裔
索取号:K285.7/Y175
 
预约/预借
| 序号 | 登录号 | 条形码 | 馆藏地/架位号 | 状态 | 备注 |
| 1 | 705215 | 207052151 | 社科库309/309社科库 38排1列3层/ [索取号:K285.7/Y175] | 在馆 | |
| 2 | 705216 | 207052160 | 社科库309/309社科库 38排1列3层/ [索取号:K285.7/Y175] | 在馆 | |
| 3 | 705217 | 207052179 | 社科库309/309社科库 38排1列3层/ [索取号:K285.7/Y175] | 在馆 |